Tras la justicia: una introducción al derecho y al razonamiento jurídico

Uloženo v:
Podrobná bibliografie
Hlavní autor: Atienza Rodríguez, Manuel (Autor)
Médium: Kniha
Jazyk:španělština
Vydáno: Barcelona Ariel 1993
Edice:Colección Ariel, 113
Témata:
Tagy: Přidat tag
Žádné tagy, Buďte první, kdo vytvoří štítek k tomuto záznamu!

MARC

LEADER 00000nam a2200000 a 4500
001 UCT4295
003 CL-VaPUC
008 961108e19930000SP |||||||||||||||||spa|d
020 |a 8434411105 
082 0 4 |a 340.1  |b ATI  |2 21 
100 0 |a Atienza Rodríguez, Manuel  |e author  |9 373553 
245 1 0 |a Tras la justicia: una introducción al derecho y al razonamiento jurídico 
300 |a 267 p 
942 |c BK 
945 |d 19961108 00:00:00  |a nastorga 
260 |a Barcelona  |b Ariel  |c 1993 
650 0 |a Justicia   |9 255408 
650 0 |a Razonamiento  |9 256520 
650 0 |a Administración de justicia  |9 382749 
650 0 |a Libertad de expresión   |9 329993 
650 0 |a Tribunales  |9 254872 
650 0 |a Derecho a la vida  |9 337220 
650 0 |a Racionalismo  |9 259116 
650 0 |a Ética  |9 255099 
583 |a last modification  |c 20161026 06:00:44  |k Rodrigo Vera 
490 0 |a Colección Ariel, 113 
999 |c 253701  |d 253699 
952 |0 0  |1 0  |4 0  |6 340_100000000000000_ATI_1993  |7 0  |8 DER_TF  |9 274745  |a BIBDER  |b BIBDER  |d 2019-11-19  |i 3249751  |l 1  |o 340.1 ATI 1993  |p 3249751  |r 2023-01-25  |s 2020-03-16  |w 2019-11-19  |x Ubicación 4to Piso  |y BK  |z Estos recursos deben solicitarse con anticipación  |k DER 
952 |0 0  |1 0  |4 0  |6 340_100000000000000_ATI_1993  |7 0  |8 A  |9 274746  |a BIBEDU  |b BIBEDU  |d 2019-11-19  |i 3922367  |o 340.1 ATI 1993  |p 3922367  |r 2019-11-19  |w 2019-11-19  |y BK  |k FIL